| Tag |
First Indicator |
Second Indicator |
Subfields |
| LEADER |
00000cas a22000007a 4500 |
| 001 |
in00004518321 |
| 005 |
20191205081323.0 |
| 008 |
930312d19921994caumr pe a 0 a0eng c |
| 010 |
|
|
|a sn 93002458
|
| 022 |
0 |
|
|a 1068-5979
|l 1068-5979
|y 0899-2177
|2 1
|
| 035 |
|
|
|a (OCoLC)ocm27719725
|
| 035 |
|
|
|a (OCoLC)27719725
|
| 037 |
|
|
|b Pet Product News & PSM, PO Box 16987, North Hollywood, CA 91615-6987
|
| 040 |
|
|
|a NSD
|c NSD
|d OCLCQ
|d MMU
|d TMV
|d UtOrBLW
|
| 042 |
|
|
|a nsdp
|a pcc
|
| 049 |
|
|
|a TMVM
|
| 210 |
0 |
|
|a Pet prod. news PSM
|
| 222 |
|
0 |
|a Pet product news & PSM
|
| 245 |
0 |
0 |
|a Pet product news & PSM.
|
| 246 |
1 |
0 |
|a Pet product news and PSM
|
| 264 |
|
1 |
|a [Irvine, Calif.] :
|b [Fancy Publications]
|
| 300 |
|
|
|a volumes
|
| 310 |
|
|
|a Monthly
|
| 336 |
|
|
|a text
|2 rdacontent
|b txt
|
| 337 |
|
|
|a unmediated
|2 rdamedia
|
| 338 |
|
|
|a volume
|2 rdacarrier
|b nc
|
| 362 |
1 |
|
|a Began in 1992, ceased with v.48, no. 3 (Mar. 1994).
|
| 500 |
|
|
|a Bindery color/print: 943/W.
|5 TMV
|
| 588 |
|
|
|a Description based on: Vol. 47, no. 2 (Feb. 1993); title from caption.
|
| 588 |
|
|
|a Latest issue consulted: Vol. 48, no. 3 (Mar. 1994).
|
| 650 |
|
0 |
|a Pet supplies
|x Marketing
|v Periodicals.
|
| 650 |
|
0 |
|a Pet supplies
|v Periodicals.
|
| 650 |
|
0 |
|a Pet industry
|v Periodicals.
|
| 650 |
|
0 |
|a Pets
|v Periodicals.
|
| 650 |
|
2 |
|a Pets.
|
| 655 |
|
2 |
|a Periodicals.
|
| 690 |
|
|
|a vetimp
|
| 780 |
0 |
0 |
|t Pet product news
|x 0899-2177
|w (DLC)sn 88001577
|
| 785 |
0 |
0 |
|t Pet product news (Irvine, Calif. : 1994)
|x 1076-5573
|w (DLC)sn 94004998
|w (OCoLC)30531645
|
| 999 |
f |
f |
|s c54e478d-fe8b-3699-89af-592d9c65a521
|i 35a66192-168e-3a7f-9af1-78240ead5710
|t 0
|
| 952 |
f |
f |
|p ric
|a Texas A&M University
|b Rellis Campus
|c Joint Library Facility
|d Remote Storage
|t 0
|e Shelved by title
|h Other scheme
|i unmediated -- volume
|k v.48:nos.1/3
|l 1994
|m 323890268399J
|
| 952 |
f |
f |
|p ric
|a Texas A&M University
|b Rellis Campus
|c Joint Library Facility
|d Remote Storage
|t 0
|e Shelved by title
|h Other scheme
|i unmediated -- volume
|k v.47:no.9/12
|l 1993
|m 3238902684002
|
| 998 |
f |
f |
|a Shelved by title
|s v.48:no.1(1994:Jan.)-v.48:no.3(1994:Mar.),
|t 0
|l Remote Storage
|